| 000 | 00519nam a2200181Ia 4500 | ||
|---|---|---|---|
| 005 | 20250508152741.0 | ||
| 008 | 008 250505s9999 xx 000 0 eng d | ||
| 037 | _aTextual | ||
| 040 |
_aFEDL _beng _cFEDL |
||
| 041 |
_aeng _2eng |
||
| 084 |
_a910.7, VAR _qFEDL |
||
| 100 |
_aVarma Om Prakash _9762296 |
||
| 245 | 0 | _aGeography teaching in India | |
| 260 |
_aJalandhar, India _bJalandhar University Publishers _c1959 |
||
| 300 | _axiv,224p. | ||
| 942 |
_cTEXL _h910.7, VAR |
||
| 999 |
_c1338495 _d1338495 |
||